[Event "Olomouc op"]
[Site "Olomouc"]
[Date "2009.08.06"]
[Round "2"]
[White "Kosin, Jens"]
[Black "Ianov, Viktor"]
[Result "1-0"]
[WhiteElo "2092"]
[BlackElo "2364"]
[PlyCount "87"]
[EventDate "2009.08.05"]
[EventType "swiss"]
[EventRounds "9"]
[EventCountry "CZE"]
[SourceTitle "CBM 131 Extra"]
[Source "ChessBase"]
[SourceDate "2009.09.03"]
[SourceVersion "2"]
[SourceVersionDate "2009.09.16"]
[SourceQuality "1"]

1. d4 c5 2. Nf3 Nf6 3. g3 b6 4. Bg2 Bb7 5. dxc5 bxc5 6. 0-0 g6 7. Nc3 Bg7 8. Bg5 h6 9. Be3 Na6 10. Qd2 Ng4 11. Rad1 d6 12. Bh3 Nxe3 13. Qxe3 0-0 14. Nd5 Re8 15. c3 Rb8 16. Qc1 Nc7 17. Nxc7 Qxc7 18. Rfe1 d5 19. Qc2 e5 20. e4 dxe4 21. Nd2 f5 22. Nc4 Red8 23. g4 Ba6 24. b3 Rf8 25. Rd2 Qe7 26. Bg2 Rbd8 27. Red1 Bf6 28. Rd5 Rxd5 29. Rxd5 Bb7 30. Rd6 Kh7 31. Qd1 Rf7 32. gxf5 gxf5 33. Bh3 Bg7 34. Kf1 Qh4 35. Bg2 Qe7 36. Bh3 Qh4 37. Bg2 e3 38. Nxe3 Bxg2+ 39. Kxg2 f4 40. Qd3+ Kg8 41. Rd8+ Bf8 42. Qg6+ Rg7 43. Qxg7+ Kxg7 44. Nf5+ 1-0

[Event "Niederrhein-ch"]
[Site "Niederrhein"]
[Date "2005.03.22"]
[Round "5"]
[White "Liedtke, Dirk"]
[Black "Kosin, Jens"]
[Result "1-0"]
[WhiteElo "2181"]
[BlackElo "2058"]
[PlyCount "89"]
[EventDate "2005.03.18"]
[EventType "swiss"]
[EventRounds "9"]
[EventCountry "GER"]
[SourceTitle "CBM 105 Extra"]
[Source "ChessBase"]
[SourceDate "2005.05.01"]
[SourceVersion "1"]
[SourceVersionDate "2005.05.01"]
[SourceQuality "1"]

1. c4 e5 2. g3 Nf6 3. Bg2 c6 4. Nf3 e4 5. Nd4 Qb6 6. Nc2 d5 7. cxd5 cxd5 8. Nc3 Bf5 9. d3 Bb4 10. Be3 Bxc3+ 11. bxc3 Qa5 12. Bd4 Nc6 13. 0-0 0-0 14. Bxf6 gxf6 15. Ne3 Bg6 16. c4 dxc4 17. dxe4 Rfd8 18. Qc1 c3 19. Kh1 Rd4 20. Nd5 Kg7 21. Qe3 Re8 22. Nxc3 Rc4 23. Rac1 f5 24. Qd3 Rd4 25. Qb5 fxe4 26. Qxb7 Rc4 27. Qb3 Rb4 28. Qd5 Qb6 29. Nxe4 Ne7 30. Qd7 Rxe4 31. Qxe8 Rxe2 32. Qd7 Bf5 33. Qa4 Qe6 34. Qd4+ Kg6 35. a4 Be4 36. Bxe4+ Rxe4 37. Qd3 Nf5 38. a5 Rd4 39. Qf3 Rd5 40. a6 Nd4 41. Qd3+ f5 42. Rfe1 Re5 43. Rxe5 Qxe5 44. Rd1 Ne6 45. Qe3 1-0

[Event "Niederrhein-ch"]
[Site "Hilden"]
[Date "2004.04.10"]
[Round "9"]
[White "Goerke, Joachim"]
[Black "Kosin, Jens"]
[Result "0-1"]
[WhiteElo "2093"]
[BlackElo "2019"]
[PlyCount "76"]
[EventDate "2004.04.02"]
[EventType "swiss"]
[EventRounds "9"]
[EventCountry "GER"]
[SourceTitle "EXT 2005"]
[Source "ChessBase"]
[SourceDate "2004.11.15"]
[SourceVersion "1"]
[SourceVersionDate "2004.11.15"]
[SourceQuality "1"]

1. d4 Nf6 2. c4 c5 3. d5 b5 4. cxb5 a6 5. b6 Qxb6 6. Nc3 g6 7. e4 d6 8. h3 Bg7 9. Bd3 0-0 10. Nge2 Nbd7 11. 0-0 Ne5 12. Bc2 a5 13. Na4 Qa7 14. Re1 Ba6 15. Nec3 Rab8 16. Bf4 Nc4 17. b3 Nh5 18. Bh2 Nb2 19. Qd2 Nxa4 20. bxa4 Rb4 21. e5 dxe5 22. Bxe5 Nf6 23. a3 Rb7 24. Rab1 Rd8 25. Nb5 Bxb5 26. Bxf6 Bxf6 27. Rxb5 Rxb5 28. axb5 Qb6 29. a4 Bd4 30. Bb3 Qf6 31. Qxa5 Qxf2+ 32. Kh1 Rd6 33. Bc4 Rf6 34. Rf1 Qg3 35. Re1 Rf2 36. Qa8+ Kg7 37. d6 exd6 38. Qe4 Be5 0-1

[Event "Niederrhein-ch"]
[Site "Hilden"]
[Date "2004.04.09"]
[Round "8"]
[White "Kosin, Jens"]
[Black "Liedtke, Dirk"]
[Result "0-1"]
[WhiteElo "2019"]
[BlackElo "2234"]
[PlyCount "62"]
[EventDate "2004.04.02"]
[EventType "swiss"]
[EventRounds "9"]
[EventCountry "GER"]
[SourceTitle "EXT 2005"]
[Source "ChessBase"]
[SourceDate "2004.11.15"]
[SourceVersion "1"]
[SourceVersionDate "2004.11.15"]
[SourceQuality "1"]

1. d4 g6 2. g3 Bg7 3. Bg2 Nf6 4. Nf3 0-0 5. 0-0 c5 6. d5 b5 7. a4 Bb7 8. Ne1 a6 9. Nc3 b4 10. Ne4 Nxe4 11. Bxe4 a5 12. Rb1 Na6 13. c4 bxc3 14. bxc3 Ra7 15. Qd3 Qc8 16. Rb5 d6 17. Be3 Nb8 18. Rb1 Nd7 19. c4 f5 20. Bg2 Ne5 21. Qb3 Ba6 22. Rc1 Rb7 23. Qd1 Nxc4 24. Nf3 Nxe3 25. fxe3 Bh6 26. Rc3 Rb2 27. Nd4 cxd4 28. Rxc8 Bxe3+ 29. Kh1 Rxc8 30. Qe1 Bxe2 31. Qxa5 Bxf1 0-1

[Event "Niederrhein-ch"]
[Site "Hilden"]
[Date "2004.04.08"]
[Round "7"]
[White "Vogel, Christian"]
[Black "Kosin, Jens"]
[Result "1/2-1/2"]
[WhiteElo "2078"]
[BlackElo "2019"]
[PlyCount "104"]
[EventDate "2004.04.02"]
[EventType "swiss"]
[EventRounds "9"]
[EventCountry "GER"]
[SourceTitle "EXT 2005"]
[Source "ChessBase"]
[SourceDate "2004.11.15"]
[SourceVersion "1"]
[SourceVersionDate "2004.11.15"]
[SourceQuality "1"]

1. c4 c6 2. e4 d5 3. exd5 cxd5 4. cxd5 Qxd5 5. Nc3 Qa5 6. Nf3 Nf6 7. Bc4 e6 8. 0-0 Be7 9. Re1 0-0 10. d3 a6 11. Bd2 Qd8 12. Ne5 Bd7 13. d4 Nc6 14. Bf4 Rc8 15. Bb3 Nb4 16. Bg5 b5 17. a3 Nbd5 18. Bxd5 exd5 19. Bxf6 Bxf6 20. Nxd5 Bxe5 21. Rxe5 Be6 22. Nf4 Qd6 23. Nxe6 fxe6 24. Re4 Qd5 25. Qe2 Rf6 26. Rd1 h6 27. Re5 Qd6 28. f3 Rc4 29. Re4 Kh8 30. Qf2 Qc6 31. Re2 Rf5 32. Qe1 Rf6 33. Re5 Rg6 34. Kh1 Rc2 35. Re2 a5 36. Rxc2 Qxc2 37. Qd2 Qb3 38. Rc1 b4 39. axb4 axb4 40. Qc2 Qe3 41. Ra1 Kh7 42. Rd1 h5 43. Qd3 Qf2 44. Rg1 Qxb2 45. h4 Qf2 46. g3 Kh6 47. Rg2 Qe1+ 48. Kh2 e5 49. d5 Qc3 50. Qf5 Qd4 51. Qe4 b3 52. Qxd4 exd4 1/2-1/2

[Event "Niederrhein-ch"]
[Site "Hilden"]
[Date "2004.04.04"]
[Round "3"]
[White "Babaev, Mikhail"]
[Black "Kosin, Jens"]
[Result "1/2-1/2"]
[WhiteElo "1679"]
[BlackElo "2019"]
[PlyCount "83"]
[EventDate "2004.04.02"]
[EventType "swiss"]
[EventRounds "9"]
[EventCountry "GER"]
[SourceTitle "EXT 2005"]
[Source "ChessBase"]
[SourceDate "2004.11.15"]
[SourceVersion "1"]
[SourceVersionDate "2004.11.15"]
[SourceQuality "1"]

1. e4 e6 2. d4 d5 3. Nd2 Nf6 4. e5 Nfd7 5. Bd3 c5 6. c3 Nc6 7. Ne2 Qb6 8. Nf3 f6 9. Nf4 fxe5 10. Nxe6 Nxd4 11. Nfxd4 cxd4 12. Qh5+ Ke7 13. Nxf8 Kxf8 14. b3 Nf6 15. Ba3+ Kg8 16. Qxe5 dxc3 17. 0-0 Bd7 18. Qxc3 Kf7 19. h3 Rhe8 20. Rae1 Bb5 21. Bxb5 Qxb5 22. Qc7+ Qd7 23. Qf4 Rac8 24. Rxe8 Qxe8 25. Qb4 Qd7 26. Re1 Re8 27. Rxe8 Nxe8 28. Qf8+ Kg6 29. Bb2 Qe6 30. Qb4 Qe2 31. Bd4 b6 32. a3 Nf6 33. Qc3 Qd1+ 34. Kh2 h6 35. a4 Ne4 36. Qc6+ Nf6 37. Qc3 Ne4 38. Qe3 Kf7 39. f3 Nd2 40. Qe5 Nf1+ 41. Kg1 Ne3+ 42. Kh2 1/2-1/2

[Event "Niederrhein-ch"]
[Site "Hilden"]
[Date "2004.04.03"]
[Round "2"]
[White "Lotz, Kai Uwe"]
[Black "Kosin, Jens"]
[Result "1/2-1/2"]
[WhiteElo "1835"]
[BlackElo "2019"]
[PlyCount "81"]
[EventDate "2004.04.02"]
[EventType "swiss"]
[EventRounds "9"]
[EventCountry "GER"]
[SourceTitle "EXT 2005"]
[Source "ChessBase"]
[SourceDate "2004.11.15"]
[SourceVersion "1"]
[SourceVersionDate "2004.11.15"]
[SourceQuality "1"]

1. d4 Nf6 2. c4 c5 3. d5 b5 4. cxb5 a6 5. bxa6 Bxa6 6. Nc3 g6 7. g3 d6 8. Bg2 Bg7 9. Nf3 0-0 10. 0-0 Nbd7 11. Qc2 Qb6 12. Rd1 Rfb8 13. Rb1 Ng4 14. h3 Nge5 15. b3 Qc7 16. Bd2 Ra7 17. Nxe5 Nxe5 18. f4 Nd7 19. Bf3 Rab7 20. Ne4 c4 21. bxc4 Rb2 22. Rxb2 Rxb2 23. Qa4 Bxc4 24. Rc1 Qb6+ 25. Kg2 Bb5 26. Qa8+ Nf8 27. Rc8 Qa6 28. Bc3 Rc2 29. Qxa6 Bxa6 30. Ra8 Bb7 31. Ra7 Bxd5 32. Bxg7 Kxg7 33. Rxe7 Bxe4 34. Rxe4 Rxa2 35. Kf2 Ne6 36. Rb4 Nc5 37. Rd4 Ra6 38. Rd5 f5 39. g4 Kf6 40. gxf5 gxf5 41. Rd2 1/2-1/2